| 000 | 01415nam0a2200349 4500 | ||
|---|---|---|---|
| 001 | RU\NLR\bibl\1199755 | ||
| 005 | 20260408075217.0 | ||
| 010 |
_a978-5-93312-585-3 _95000 |
||
| 021 |
_aRU _b2008-3121 _9165 |
||
| 035 | _a(NLR Aleph) 001186263 | ||
| 090 |
_a1688878 _c1688878 |
||
| 100 | _a20080312d2007 |||y0rusy50 ca | ||
| 101 | 0 | _arus | |
| 102 | _aRU | ||
| 105 | _aa ||||||||| | ||
| 200 | 1 |
_aПредметная неделя истории в школе _fИзд.-торг. дом "Корифей" _gсост.: И.И. Варакина, С.В. Парецкова |
|
| 210 |
_aВолгоград _cКорифей _d2007 |
||
| 215 |
_a127,[1] с. _cил. _d20 |
||
| 225 | 1 | _aПредметная неделя | |
| 300 | _aЗагл. обл.: История | ||
| 320 | _aБиблиогр.: с. 124-126 (42 назв.) | ||
| 512 | 1 | _aИстория | |
| 606 | 1 |
_aИстория _jРуководства, пособия и т.п. _xПреподавание _xСредняя школа _91217640 _3RU\NLR\auth\66495042 |
|
| 686 | _aЧ426.31я7 | ||
| 702 | 1 |
_aВаракина _bИ. И. _gИрина Ивановна _4220 |
|
| 712 | 0 | 2 |
_4570 _a"Корифей", издательско-торговый дом _cВолгоград _3RU\NLR\AUTH\8810071060 _9644016 |
| 801 | 0 |
_aRU _bNLR _c20080312 _gRCR |
|
| 801 | 1 |
_aRU _bNLR _c20080312 |
|
| 830 | _aсост. по кн. | ||
| 942 | _cBOOK | ||
| 980 | _aNB | ||